| 000 | 00985nam a2200217 i 4500 | ||
|---|---|---|---|
| 001 | 54300 | ||
| 003 | ES-MaACL | ||
| 005 | 20230906162931.0 | ||
| 007 | t| | ||
| 008 | 960719s1828 xxk |||| | spa d | ||
| 100 | 1 |
_aFlórez Estrada, Álvaro. _9151173 |
|
| 245 | 1 | 0 |
_aReflexiones acerca del mal extraordinario que en el día aflije a la Inglaterra y que más o menos incomoda ya a las naciones más industriosas de la Europa / _cpor Don Álvaro Flórez Estrada. |
| 250 | _a3ª ed. correjida [sic]. | ||
| 260 |
_aLondres : _b[s.n.], _c1828 ( _fImp. española de M. Calero) |
||
| 300 |
_a69 p. ; _c19 cm. |
||
| 530 | _aDisponible en formato digital. | ||
| 651 | 4 |
_aGran Bretaña- _xHistoria- _yS.XIX. _9149699 |
|
| 700 | 1 |
_aCalero y Portocarrero, Marcelino. _933663 |
|
| 852 | 4 |
_aES-MaACL _jT-13-F-6 _z- Donat. Ángel Calderón de la Barca (Actas del Ateneo, junta 9 de abril de 1844) |
|
| 856 | 4 |
_uhttp://bdh-rd.bne.es/viewer.vm?id=0000112301&page=1 _zBiblioteca Digital Hispánica |
|
| 999 |
_c54300 _d54300 |
||